| 000 | 00463nam a2200157 a 4500 | ||
|---|---|---|---|
| 001 | 000041570 | ||
| 005 | 20201002035638.0 | ||
| 008 | 131011s1968 mx a 000 0 spa d | ||
| 040 |
_aDO-SdBNP _bspa _cBNPHU |
||
| 082 |
_axxxxxx _bxxxxxx |
||
| 100 | 1 |
_aAub, Max _945204 |
|
| 245 | 1 | 0 |
_aTeatro completo / _cMax Aub ; prólogo Arturo del Hoyo. |
| 260 |
_aMéxico : _bAguilar, _c1968. |
||
| 300 |
_a1405 p. : _bil. ; _c18 cm. |
||
| 700 | 1 |
_aHoyo, Arturo del, _epról. _923911 |
|
| 999 |
_c41060 _d41060 |
||